[Event "4NCL Division 2d"]
[Site "Telford, ENG"]
[Date "2017.04.30"]
[Round "10.67"]
[White "Selway, Richard P"]
[Black "Regan, Natasha K"]
[Result "0-1"]
[WhiteElo "2056"]
[BlackElo "1998"]
[PlyCount "66"]
[EventDate "2017.04.30"]
[WhiteTeam "KJCA Kings"]
[BlackTeam "Barbican 4NCL Youth"]

1. e4 e5 2. Bc4 Nf6 3. d3 Nc6 4. Nf3 Be7 5. O-O d6 6. c3 O-O 7. Nbd2 Nh5 8. Re1
Kh8 9. d4 Nf4 10. Nf1 Qe8 11. Ne3 f6 12. Nd5 Nxd5 13. exd5 Nd8 14. Qd3 Qh5 15.
Bb3 Bf5 16. Qe3 Nf7 17. Bd1 Bg4 18. h3 Bxf3 19. Bxf3 Qg6 20. dxe5 fxe5 21. Be4
Qh5 22. Bf3 Qh4 23. a4 Bg5 24. Qe4 Qh6 25. Bg4 Bxc1 26. Raxc1 Ng5 27. Qe3 Rf4
28. a5 Qf6 29. Bd1 Rf8 30. Re2 Rf3 31. Qxa7 Nxh3+ 32. Kh2 Nf4 33. g3 Nxe2 0-1

[Event "4NCL Division 2d"]
[Site "Telford, ENG"]
[Date "2017.04.30"]
[Round "10.68"]
[White "Golding, William"]
[Black "Selway, Alexander M"]
[Result "1-0"]
[WhiteElo "1488"]
[BlackElo "1816"]
[PlyCount "127"]
[EventDate "2017.04.30"]
[WhiteTeam "Barbican 4NCL Youth"]
[BlackTeam "KJCA Kings"]

1. d4 Nf6 2. Bf4 c5 3. e3 e6 4. Nf3 Nc6 5. c3 d5 6. Nbd2 Bd6 7. Ne5 Qc7 8. Ndf3
c4 9. b3 b5 10. bxc4 bxc4 11. Qa4 Bd7 12. Nxd7 Nxd7 13. Bxd6 Qxd6 14. Be2 O-O
15. O-O Rab8 16. Rab1 Nf6 17. Nd2 Rfc8 18. Rxb8 Rxb8 19. Rb1 Rxb1+ 20. Nxb1 Qc7
21. Nd2 Qb6 22. Bf3 h6 23. Qc2 a6 24. e4 Na7 25. e5 Nh7 26. h4 Nb5 27. a4 Nc7
28. Bh5 Nf8 29. f4 g6 30. Bf3 Ne8 31. h5 Ng7 32. g4 gxh5 33. gxh5 Qd8 34. Nf1
Qh4 35. Qh2 Nf5 36. Qxh4 Nxh4 37. Bg4 Kg7 38. Ng3 a5 39. Kh2 Nd7 40. Kh3 Nf5
41. Nxf5+ exf5 42. Bxf5 Nb6 43. Bc2 f6 44. Kg4 Kf7 45. Kf5 fxe5 46. fxe5 Nc8
47. e6+ Ke7 48. Kg6 Nd6 49. Kxh6 Kf6 50. Kh7 Kxe6 51. Kg8 Nf7 52. Bg6 Nh6+ 53.
Kg7 Nf5+ 54. Bxf5+ Kxf5 55. h6 Ke4 56. h7 Kd3 57. h8=Q Kxc3 58. Kg6 Kb3 59. Qe8
c3 60. Qb5+ Ka3 61. Qxa5 Kb3 62. Qxd5+ Kb2 63. Qc4 c2 64. Qxc2+ 1-0

[Event "4NCL Division 2d"]
[Site "Telford, ENG"]
[Date "2017.04.30"]
[Round "10.71"]
[White "Jones, Steven A"]
[Black "Buckley, David E"]
[Result "1/2-1/2"]
[WhiteElo "2177"]
[BlackElo "2244"]
[PlyCount "55"]
[EventDate "2017.04.30"]
[WhiteTeam "Bradford DCA Knights A"]
[BlackTeam "Downend & Fishponds"]

1. Nf3 d5 2. c4 d4 3. b4 f6 4. e3 e5 5. c5 a5 6. Bc4 axb4 7. Qb3 Nh6 8. exd4
exd4 9. d3 Bxc5 10. Bxh6 gxh6 11. O-O Nc6 12. Re1+ Kf8 13. Nbd2 Kg7 14. Rac1
Ra3 15. Qc2 Rc3 16. Qb2 Na5 17. Be6 Bxe6 18. Rxe6 Re8 19. Rxe8 Qxe8 20. Ne4
Rxc1+ 21. Qxc1 Bb6 22. Qf4 Qe6 23. Nxd4 Bxd4 24. Qxc7+ Kg6 25. Qg3+ Kf7 26.
Qc7+ Kg6 27. Qg3+ Kf7 28. Qc7+ 1/2-1/2

[Event "4NCL Division 2d"]
[Site "Telford, ENG"]
[Date "2017.04.30"]
[Round "10.72"]
[White "Russell, Christopher"]
[Black "Bak, Christopher"]
[Result "1/2-1/2"]
[WhiteElo "2112"]
[BlackElo "2025"]
[PlyCount "98"]
[EventDate "2017.04.30"]
[WhiteTeam "Downend & Fishponds"]
[BlackTeam "Bradford DCA Knights A"]

1. e4 e5 2. Nc3 Nf6 3. g3 d5 4. exd5 Nxd5 5. Bg2 Nxc3 6. bxc3 Bc5 7. Nf3 Nc6 8.
O-O O-O 9. Re1 Qd6 10. d3 Bb6 11. Nd2 Be6 12. a4 Qd7 13. Ba3 Bg4 14. Qb1 Qf5
15. Ne4 Rfe8 16. Bc5 Bf3 17. Bxf3 Qxf3 18. Qb5 Rab8 19. Be3 h6 20. Nd2 Qf5 21.
Nc4 Re6 22. a5 a6 23. Qb3 Ba7 24. Ra4 Rf6 25. Rf1 h5 26. Bxa7 Nxa7 27. Ne3 Qd7
28. Rh4 g6 29. Qd5 Qd6 30. Qxd6 Rxd6 31. Nc4 Rd5 32. Re4 Nb5 33. Rxe5 Rxe5 34.
Nxe5 Nxc3 35. Nd7 Rd8 36. Nc5 Rd5 37. Nxb7 Rb5 38. Nd8 Rxa5 39. Re1 Kf8 40. Nc6
Rc5 41. Nd4 Rd5 42. Nb3 a5 43. Ra1 a4 44. Nd2 Ra5 45. Kf1 Ke7 46. Nc4 Ra6 47.
Ke1 Ke6 48. Kd2 Nb5 49. c3 Nd6 1/2-1/2

[Event "4NCL Division 2d"]
[Site "Telford, ENG"]
[Date "2017.04.30"]
[Round "10.73"]
[White "Nicholson, Jim W R"]
[Black "Meadows, Michael"]
[Result "1/2-1/2"]
[WhiteElo "2010"]
[BlackElo "1962"]
[PlyCount "44"]
[EventDate "2017.04.30"]
[WhiteTeam "Bradford DCA Knights A"]
[BlackTeam "Downend & Fishponds"]

1. d4 Nf6 2. Nf3 g6 3. Bg5 Bg7 4. Nbd2 O-O 5. c3 c5 6. dxc5 Na6 7. Nb3 Qc7 8.
e3 Nxc5 9. Nxc5 Qxc5 10. Qd4 Qa5 11. Bxf6 Bxf6 12. Qd2 d6 13. Be2 Bd7 14. O-O
Bc6 15. Nd4 Rac8 16. f4 e6 17. Bf3 Rfd8 18. Qf2 Rd7 19. g4 Bg7 20. g5 Bxf3 21.
Nxf3 h6 22. a3 Qb6 1/2-1/2

[Event "4NCL Division 2d"]
[Site "Telford, ENG"]
[Date "2017.04.30"]
[Round "10.74"]
[White "Dilleigh, Stephen P"]
[Black "Bak, Andrew"]
[Result "1-0"]
[WhiteElo "2041"]
[BlackElo "2021"]
[PlyCount "41"]
[EventDate "2017.04.30"]
[WhiteTeam "Downend & Fishponds"]
[BlackTeam "Bradford DCA Knights A"]

1. Nf3 d5 2. d4 Nf6 3. c4 c6 4. Nc3 e6 5. e3 Nbd7 6. Qc2 Bd6 7. Bd3 O-O 8. O-O
b6 9. e4 dxe4 10. Nxe4 Be7 11. Bf4 h6 12. Rad1 Nxe4 13. Bxe4 Bb7 14. Qe2 Qc8
15. Bc2 Rd8 16. a3 a5 17. Rfe1 Bf6 18. Ne5 c5 19. Nxf7 Kxf7 20. Qxe6+ Kf8 21.
Bd6+ 1-0

[Event "4NCL Division 2d"]
[Site "Telford, ENG"]
[Date "2017.04.30"]
[Round "10.75"]
[White "McCarthy, Damian"]
[Black "Humphreys, Jerry G"]
[Result "1-0"]
[WhiteElo "1834"]
[BlackElo "2012"]
[PlyCount "77"]
[EventDate "2017.04.30"]
[WhiteTeam "Bradford DCA Knights A"]
[BlackTeam "Downend & Fishponds"]

1. e4 c5 2. Nc3 e6 3. Nge2 d6 4. d4 cxd4 5. Nxd4 Nf6 6. Be3 a6 7. f3 b5 8. g4
h6 9. Qd2 Bb7 10. O-O-O Nbd7 11. Bd3 Nc5 12. h4 b4 13. Nce2 d5 14. e5 Nfd7 15.
f4 Nxd3+ 16. cxd3 a5 17. Kb1 a4 18. f5 Nxe5 19. fxe6 f6 20. g5 Ba6 21. gxf6
Qxf6 22. Nf4 Bc5 23. Rc1 Rc8 24. Rxc5 Rxc5 25. Qxb4 Nxd3 26. Nxd3 Bxd3+ 27. Ka1
Qe7 28. Qxa4+ Kf8 29. Nc6 Rxc6 30. Qxc6 Kg8 31. Qxd5 Bg6 32. Bc5 Qf6 33. h5 Be8
34. e7+ Qf7 35. Qxf7+ Bxf7 36. Re1 Kh7 37. Rf1 Bxh5 38. Rf8 g5 39. a4 1-0

[Event "4NCL Division 2d"]
[Site "Telford, ENG"]
[Date "2017.04.30"]
[Round "10.76"]
[White "Young, Daniel J"]
[Black "Braham, Peter"]
[Result "1-0"]
[WhiteElo "2012"]
[BlackElo "1737"]
[PlyCount "79"]
[EventDate "2017.04.30"]
[WhiteTeam "Downend & Fishponds"]
[BlackTeam "Bradford DCA Knights A"]

1. e4 d6 2. d4 Nf6 3. Nc3 e5 4. Nge2 Be7 5. g3 O-O 6. Bg2 c6 7. a4 a5 8. O-O
Na6 9. h3 Bd7 10. g4 Ne8 11. Be3 Nac7 12. Ng3 g6 13. Qd2 Ne6 14. Nce2 c5 15. c3
Rb8 16. d5 N6g7 17. c4 f5 18. gxf5 gxf5 19. exf5 Bxf5 20. Nxf5 Nxf5 21. Ng3
Neg7 22. Ne4 b6 23. Qe2 Qe8 24. Kh2 Kh8 25. b3 Nd4 26. Bxd4 exd4 27. Rae1 Qd7
28. Bf3 Qf5 29. Bg4 Qe5+ 30. Kh1 Rf7 31. Qd3 Qf4 32. Ng3 Bf6 33. Re4 Qg5 34. f4
Qh4 35. Rfe1 h5 36. Bf5 Re7 37. Kg2 Nxf5 38. Nxf5 Rg8+ 39. Kf1 Rxe4 40. Rxe4
1-0

[Event "4NCL Division 2d"]
[Site "Telford, ENG"]
[Date "2017.04.30"]
[Round "10.77"]
[White "Mahoney, Nicholas"]
[Black "French, Max"]
[Result "0-1"]
[WhiteElo "1721"]
[BlackElo "1916"]
[PlyCount "98"]
[EventDate "2017.04.30"]
[WhiteTeam "Bradford DCA Knights A"]
[BlackTeam "Downend & Fishponds"]

1. d4 Nf6 2. Bg5 c5 3. d5 Ne4 4. Bf4 e6 5. dxe6 fxe6 6. Nd2 Nf6 7. e4 Be7 8.
Ngf3 Nc6 9. e5 Nh5 10. Be3 g6 11. Bh6 Bf8 12. Bxf8 Rxf8 13. Ne4 Qc7 14. Qd6
Qxd6 15. Nxd6+ Ke7 16. Be2 Nf4 17. g3 Nxe2 18. Kxe2 b6 19. Rhd1 Ba6+ 20. c4
Rxf3 21. Kxf3 Nxe5+ 22. Ke3 Nxc4+ 23. Nxc4 Bxc4 24. b3 Bb5 25. f4 Rf8 26. Rd2
d5 27. Re1 d4+ 28. Ke4 Bc6+ 29. Kd3 g5 30. Rf2 Kd6 31. Re5 h6 32. h4 gxh4 33.
gxh4 Be8 34. Kd2 Bg6 35. Re1 Rf7 36. Rfe2 Rf6 37. Rf2 b5 38. Re5 a6 39. a4 bxa4
40. bxa4 Be8 41. a5 Bg6 42. Re1 c4 43. Rg2 c3+ 44. Kc1 d3 45. Rf1 d2+ 46. Kd1
Kd5 47. Rxg6 Rxg6 48. Kc2 Rg3 49. f5 Re3 0-1

[Event "4NCL Division 2d"]
[Site "Telford, ENG"]
[Date "2017.04.30"]
[Round "10.78"]
[White "White, Martin J"]
[Black "Verma, Shlok"]
[Result "1-0"]
[WhiteElo "1840"]
[BlackElo "1434"]
[PlyCount "95"]
[EventDate "2017.04.30"]
[WhiteTeam "Downend & Fishponds"]
[BlackTeam "Bradford DCA Knights A"]

1. e4 e6 2. d4 d5 3. e5 c5 4. c3 Nc6 5. Nf3 Qb6 6. a3 cxd4 7. cxd4 Bd7 8. Nc3
Nge7 9. Na4 Qc7 10. Bd3 Ng6 11. O-O Be7 12. b4 O-O 13. Be3 a6 14. Nc5 Bxc5 15.
bxc5 Rab8 16. Qe2 Nce7 17. Rfb1 Bc6 18. Rb4 Ra8 19. Rb6 Ra7 20. Bd2 Qd7 21. Be3
Qc7 22. Nd2 Rb8 23. Rab1 Nc8 24. R6b3 Nce7 25. f4 Qd7 26. Nf3 Qd8 27. Ng5 h6
28. Nf3 Qf8 29. g3 f5 30. Bd2 Qd8 31. Rb6 Qc7 32. Ba5 Qd7 33. Nd2 Rf8 34. R6b2
Kh8 35. Nb3 Rc8 36. Bb6 Raa8 37. Na5 Kg8 38. Qd2 Kh7 39. Qe3 Kg8 40. Qd2 Kh7
41. Nxc6 Nxc6 42. Qe3 Qe7 43. Bc2 Nf8 44. Ba4 g5 45. Bxc6 Rxc6 46. Ba5 Rb8 47.
Bd2 g4 48. Rb4 1-0

[Event "4NCL Division 2d"]
[Site "Telford, ENG"]
[Date "2017.04.30"]
[Round "10.81"]
[White "Weller, Jean-Luc"]
[Black "Jogstad, Martin"]
[Result "1/2-1/2"]
[WhiteElo "2252"]
[BlackElo "2283"]
[PlyCount "150"]
[EventDate "2017.04.30"]
[WhiteTeam "White Rose 2"]
[BlackTeam "CSC Dragons"]

1. e4 e6 2. d4 d5 3. Nd2 dxe4 4. Nxe4 Bd7 5. Bd3 Bc6 6. Nf3 Nd7 7. Ne5 Nxe5 8.
dxe5 Qd4 9. f4 O-O-O 10. Qe2 Bb4+ 11. Nd2 Qxf4 12. c3 Bc5 13. Nb3 Qh4+ 14. g3
Qe7 15. Rf1 Bb6 16. a4 a5 17. Be3 Nh6 18. Nd4 Bxd4 19. Bxd4 Rxd4 20. cxd4 Rd8
21. O-O-O Bxa4 22. Bc2 Bxc2 23. Qxc2 Nf5 24. Qc3 Qg5+ 25. Kb1 Qe3 26. Qxa5 Qe4+
27. Ka1 Rd5 28. Qa8+ Kd7 29. Qa4+ c6 30. Rc1 Kc7 31. Rf4 Qd3 32. Rc3 Qd2 33.
Qc2 Ra5+ 34. Kb1 Qe1+ 35. Qc1 Qe2 36. Qf1 Qxh2 37. g4 Nh6 38. Rc2 Ra1+ 39. Kxa1
Qxc2 40. Qe1 Qa4+ 41. Kb1 Kd7 42. Qd2 Qb3 43. d5 cxd5 44. Rb4 Qf3 45. Rxb7+ Kc6
46. Rb4 Qf1+ 47. Ka2 Qa6+ 48. Kb3 Kd7 49. Qd4 Kc6 50. Ra4 Qb6+ 51. Qxb6+ Kxb6
52. Rf4 Kc5 53. Ka4 g5 54. b4+ Kb6 55. Rf6 Nxg4 56. Rxf7 Nxe5 57. Re7 Nd3 58.
Rxe6+ Kc7 59. Rh6 g4 60. Kb3 g3 61. Rxh7+ Kb6 62. Rg7 Kb5 63. Ka3 Ne1 64. Kb3
Nd3 65. Rg4 g2 66. Kc3 Ne1 67. Rg5 Kc6 68. Rg6+ Kb5 69. Rg3 d4+ 70. Kb3 d3 71.
Rg5+ Kb6 72. Kc3 d2 73. Rg6+ Kb5 74. Kxd2 g1=Q 75. Rxg1 Nf3+ 1/2-1/2

[Event "4NCL Division 2d"]
[Site "Telford, ENG"]
[Date "2017.04.30"]
[Round "10.83"]
[White "Gayson, Peter M"]
[Black "Thompson, Ian D"]
[Result "1/2-1/2"]
[WhiteElo "2163"]
[BlackElo "2160"]
[PlyCount "58"]
[EventDate "2017.04.30"]
[WhiteTeam "White Rose 2"]
[BlackTeam "CSC Dragons"]

1. e4 e5 2. Nf3 Nc6 3. d4 exd4 4. Bc4 Bc5 5. O-O d6 6. h3 Nf6 7. c3 dxc3 8.
Nxc3 h6 9. Bf4 O-O 10. Re1 Re8 11. Qb3 Be6 12. Bxe6 Rxe6 13. Rad1 Qc8 14. Qc4
a6 15. Nd5 b5 16. Qc2 Qb7 17. a3 b4 18. Nxf6+ Rxf6 19. Be3 Bxe3 20. Rxe3 a5 21.
Rc1 Ra6 22. e5 Nxe5 23. Nxe5 dxe5 24. Rxe5 Rg6 25. g3 Rac6 26. Rc5 bxa3 27.
bxa3 Rxc5 28. Qxc5 Qb6 29. Qxc7 Qd4 1/2-1/2

[Event "4NCL Division 2d"]
[Site "Telford, ENG"]
[Date "2017.04.30"]
[Round "10.84"]
[White "Coates, Kenneth G"]
[Black "Shaw, Peter"]
[Result "1/2-1/2"]
[WhiteElo "2099"]
[BlackElo "2083"]
[PlyCount "58"]
[EventDate "2017.04.30"]
[WhiteTeam "CSC Dragons"]
[BlackTeam "White Rose 2"]

1. d4 e6 2. e4 d5 3. exd5 exd5 4. Bd3 Bd6 5. Qf3 c6 6. Ne2 Qf6 7. Qxf6 Nxf6 8.
Bf4 Bxf4 9. Nxf4 Nbd7 10. Nd2 Nf8 11. O-O Ne6 12. Rae1 O-O 13. Nxe6 Bxe6 14.
Nf3 Rae8 15. Ne5 Nd7 16. f4 f6 17. Nxd7 Bxd7 18. Kf2 g5 19. g3 Kg7 20. b4 h6
21. a4 Rxe1 22. Rxe1 Re8 23. Rxe8 Bxe8 24. Ke3 Bd7 25. a5 Kf7 26. c3 b5 27.
axb6 axb6 28. Kf3 f5 29. h4 g4+ 1/2-1/2

[Event "4NCL Division 2d"]
[Site "Telford, ENG"]
[Date "2017.04.30"]
[Round "10.85"]
[White "O'driscoll, Kieran"]
[Black "Amato, Giampiero"]
[Result "0-1"]
[WhiteElo "2102"]
[BlackElo "2067"]
[PlyCount "28"]
[EventDate "2017.04.30"]
[WhiteTeam "White Rose 2"]
[BlackTeam "CSC Dragons"]

1. d4 Nf6 2. Nf3 g6 3. Bf4 Bg7 4. h3 O-O 5. Nc3 c5 6. d5 d6 7. e4 e5 8. dxe6
Bxe6 9. Bxd6 Re8 10. Bb5 Nxe4 11. Bxe8 Nxc3 12. Bxf7+ Bxf7 13. bxc3 Bxc3+ 14.
Kf1 Bxa1 0-1

[Event "4NCL Division 2d"]
[Site "Telford, ENG"]
[Date "2017.04.30"]
[Round "10.86"]
[White "Purdon, Colin"]
[Black "Arnott, Jonathan W"]
[Result "1/2-1/2"]
[WhiteElo "2055"]
[BlackElo "2111"]
[PlyCount "62"]
[EventDate "2017.04.30"]
[WhiteTeam "CSC Dragons"]
[BlackTeam "White Rose 2"]

1. d4 d5 2. c4 c6 3. Nf3 Nf6 4. Nc3 a6 5. c5 Nbd7 6. Bf4 g6 7. e3 Bg7 8. Bd3
O-O 9. O-O Nh5 10. Bg5 f5 11. h3 Qe8 12. Bf4 e5 13. Nxe5 Nxe5 14. Bxe5 Bxe5 15.
dxe5 Qxe5 16. Be2 Nf6 17. Qd4 Re8 18. Rfd1 Nd7 19. Rac1 Rb8 20. Bf1 Kf7 21. Na4
Qxd4 22. Rxd4 Re4 23. Rxe4 fxe4 24. Be2 b5 25. cxb6 Nxb6 26. Nc5 Nd7 27. Bxa6
Bxa6 28. Nxa6 Rxb2 29. Rxc6 Rxa2 30. Rc7 Ke6 31. Nc5+ Nxc5 1/2-1/2

[Event "4NCL Division 2d"]
[Site "Telford, ENG"]
[Date "2017.04.30"]
[Round "10.87"]
[White "Sucikova, Svetlana"]
[Black "Vlcek, Marek"]
[Result "1-0"]
[WhiteElo "2030"]
[BlackElo "2016"]
[PlyCount "88"]
[EventDate "2017.04.30"]
[WhiteTeam "White Rose 2"]
[BlackTeam "CSC Dragons"]

1. c4 Nf6 2. Nc3 e6 3. g3 Bb4 4. Bg2 O-O 5. Qb3 Bxc3 6. bxc3 d5 7. d3 c6 8. Nf3
Nbd7 9. O-O Qb6 10. Be3 Qxb3 11. axb3 b6 12. cxd5 exd5 13. Nd4 Bb7 14. Nf5 c5
15. Ra2 Rfd8 16. Rfa1 a5 17. Bf4 g6 18. Nd6 Bc6 19. c4 Ra7 20. g4 Nf8 21. g5
Nh5 22. Be5 Re7 23. f4 Nd7 24. cxd5 Nxe5 25. fxe5 Ba8 26. Rf1 Rdd7 27. Nc4 Bxd5
28. Nxb6 Bxg2 29. Kxg2 Rd4 30. Nc4 Rg4+ 31. Kh1 Rxg5 32. Rxa5 Rb7 33. Nd6 Re7
34. Rxc5 Rgxe5 35. Rxe5 Rxe5 36. e4 Re7 37. b4 f6 38. b5 Rd7 39. Nc4 Rxd3 40.
Rb1 Rd7 41. b6 Rb7 42. Na5 Rb8 43. b7 Kf7 44. Nc6 Ra8 1-0

[Event "4NCL Division 2d"]
[Site "Telford, ENG"]
[Date "2017.04.30"]
[Round "10.88"]
[White "Vachtfeidl, Petr"]
[Black "Lopez Cadenas, Nestor"]
[Result "0-1"]
[WhiteElo "1947"]
[BlackElo "1906"]
[PlyCount "156"]
[EventDate "2017.04.30"]
[WhiteTeam "CSC Dragons"]
[BlackTeam "White Rose 2"]

1. d4 Nf6 2. c4 e6 3. Nc3 d5 4. cxd5 exd5 5. Bg5 Be7 6. e3 Nbd7 7. Bd3 b6 8.
Nf3 Bb7 9. Qc2 O-O 10. h4 c5 11. O-O-O Rc8 12. Kb1 cxd4 13. Nxd4 g6 14. h5 Ne5
15. hxg6 hxg6 16. f4 Nxd3 17. Rxd3 Ne4 18. Nxe4 dxe4 19. Qe2 Bxg5 20. fxg5 Qxg5
21. g4 Kg7 22. Ne6+ fxe6 23. Rd7+ Rf7 24. Rxf7+ Kxf7 25. Rh7+ Kg8 26. Rxb7 Qc5
27. a3 a5 28. Qf1 Rc7 29. Rxc7 Qxc7 30. Qf6 Qf7 31. Qd8+ Kg7 32. Qxb6 Qf1+ 33.
Kc2 Qe2+ 34. Kb1 Qxg4 35. Qxa5 Qg1+ 36. Ka2 Qxe3 37. Qe5+ Kf7 38. Qc7+ Kf6 39.
Qd8+ Kf5 40. Qf8+ Kg4 41. Qf6 Qg5 42. Qxe6+ Kf3 43. Qc6 Qf5 44. a4 g5 45. Qc3+
e3 46. a5 g4 47. Qc6+ Kf2 48. a6 e2 49. Qb6+ Kf1 50. a7 Qd5+ 51. Qb3 Qa5+ 52.
Qa3 e1=Q 53. a8=Q Qe6+ 54. Kb1 Qae1+ 55. Kc2 Q6e2+ 56. Kb3 Qd3+ 57. Ka4 Qee4+
58. Qxe4 Qxe4+ 59. Kb5 Qe2+ 60. Kb6 Qf2+ 61. Ka6 g3 62. b4 Qf6+ 63. Ka7 g2 64.
Qc1+ Kf2 65. Qd2+ Kg3 66. Qe3+ Kh2 67. Qe2 Qd4+ 68. Ka6 Qd6+ 69. Ka7 Qxb4 70.
Ka6 Qd6+ 71. Ka7 Qd7+ 72. Ka6 Qd5 73. Qc2 Qe6+ 74. Ka7 Kg3 75. Qc3+ Kf4 76.
Qb4+ Kf3 77. Qf8+ Ke2 78. Qg7 Qe3+ 0-1

[Event "4NCL Division 2d"]
[Site "Telford, ENG"]
[Date "2017.04.29"]
[Round "9.51"]
[White "Paterson, Andrew I"]
[Black "Townsend, M Paul"]
[Result "1/2-1/2"]
[WhiteElo "2125"]
[BlackElo "2202"]
[PlyCount "126"]
[EventDate "2017.04.29"]
[WhiteTeam "Warwickshire Select 2"]
[BlackTeam "White Rose 2"]

1. Nf3 Nf6 2. d4 d5 3. c4 e6 4. g3 Be7 5. Bg2 O-O 6. O-O Nbd7 7. cxd5 exd5 8.
Nc3 c6 9. Qc2 Re8 10. Rb1 Nb6 11. Ne5 g6 12. Nd3 Bf5 13. Bg5 Ne4 14. Bxe7 Qxe7
15. Rbe1 h5 16. Qc1 h4 17. Nxe4 Bxe4 18. Nf4 Bxg2 19. Nxg2 hxg3 20. hxg3 Kg7
21. Nh4 Rh8 22. Kg2 Rae8 23. Rh1 Qe4+ 24. Nf3 Nc4 25. b3 Nd6 26. Qf4 Rxh1 27.
Kxh1 Nf5 28. e3 Qc2 29. Kg2 Re4 30. Qc7 Re7 31. Qf4 Re4 32. Qc7 Re7 33. Qf4
Qxa2 34. Nh4 Qc2 35. Nxf5+ Qxf5 36. Qxf5 gxf5 37. Ra1 a6 38. b4 Re8 39. Ra2 Kf6
40. Kf3 Rh8 41. Ra1 Rh2 42. Rf1 Ke6 43. Ke2 Kd6 44. Kf3 Ke6 45. Ke2 Rh8 46. Kf3
Ra8 47. Rh1 a5 48. Rh6+ f6 49. bxa5 Rxa5 50. Rh7 Rb5 51. Rc7 Rb2 52. Rh7 b5 53.
Rb7 Ra2 54. Kg2 Ra8 55. Kf3 Ra4 56. Ke2 Rc4 57. Kf3 Rc2 58. Kg2 Kd6 59. Kf3 Rc4
60. Kg2 Ra4 61. Kf3 Ra8 62. Ke2 Rd8 63. Rf7 Ke6 1/2-1/2

[Event "4NCL Division 2d"]
[Site "Telford, ENG"]
[Date "2017.04.29"]
[Round "9.52"]
[White "Gayson, Peter M"]
[Black "Page, Mark E"]
[Result "1-0"]
[WhiteElo "2163"]
[BlackElo "2140"]
[PlyCount "75"]
[EventDate "2017.04.29"]
[WhiteTeam "White Rose 2"]
[BlackTeam "Warwickshire Select 2"]

1. e4 c5 2. Nf3 d6 3. d4 cxd4 4. Nxd4 Nf6 5. Nc3 a6 6. f4 Qc7 7. Nf3 e5 8. a4
Be7 9. Bd3 O-O 10. O-O exf4 11. Kh1 Nc6 12. Bxf4 Ne5 13. Qe1 Be6 14. Nd4 Rac8
15. Rd1 Rfe8 16. h3 Qb6 17. Nxe6 fxe6 18. Rb1 Rf8 19. Be3 Qc6 20. Qe2 Qe8 21.
Bg1 Qg6 22. Bh2 Nfd7 23. Qe3 Nc5 24. Rbd1 Qg5 25. Bf4 Qg6 26. Be2 h6 27. Bxe5
Rxf1+ 28. Bxf1 dxe5 29. b4 Bg5 30. Qe1 Nxa4 31. Nxa4 Rxc2 32. Nc5 a5 33. Nd3
axb4 34. Qxb4 Qh5 35. Ra1 Be3 36. Ra8+ Kh7 37. Qf8 Qd1 38. Nxe5 1-0

[Event "4NCL Division 2d"]
[Site "Telford, ENG"]
[Date "2017.04.29"]
[Round "9.53"]
[White "Galloway, Iain A"]
[Black "Adams, David M"]
[Result "1/2-1/2"]
[WhiteElo "2109"]
[BlackElo "2185"]
[PlyCount "71"]
[EventDate "2017.04.29"]
[WhiteTeam "Warwickshire Select 2"]
[BlackTeam "White Rose 2"]

1. e4 d6 2. Nf3 Nf6 3. d3 g6 4. Be2 Bg7 5. c3 O-O 6. Nbd2 e5 7. Nf1 Nc6 8. Ng3
d5 9. Qc2 a5 10. O-O a4 11. Rd1 Qe7 12. Bg5 Qc5 13. Nxe5 dxe4 14. Nxc6 exd3 15.
Rxd3 Qxg5 16. Ne7+ Kh8 17. Nxc8 Rfxc8 18. Bf3 c6 19. Rad1 Re8 20. Rd4 Qa5 21.
Qd3 a3 22. b3 h6 23. h4 Re7 24. h5 Qg5 25. hxg6 fxg6 26. Rd8+ Rxd8 27. Qxd8+
Re8 28. Qc7 Qe5 29. Qxb7 Qxc3 30. Qxc6 Re1+ 31. Rxe1 Qxe1+ 32. Nf1 Kh7 33. Qc5
Nd7 34. Qxa3 Bd4 35. Kh2 Qe5+ 36. Kg1 1/2-1/2

[Event "4NCL Division 2d"]
[Site "Telford, ENG"]
[Date "2017.04.29"]
[Round "9.54"]
[White "Shaw, Peter"]
[Black "Fallowfield, Jeremy R"]
[Result "1-0"]
[WhiteElo "2083"]
[BlackElo "2155"]
[PlyCount "89"]
[EventDate "2017.04.29"]
[WhiteTeam "White Rose 2"]
[BlackTeam "Warwickshire Select 2"]

1. d4 Nf6 2. c4 g6 3. Nc3 Bg7 4. e4 d6 5. Nf3 O-O 6. Be2 e5 7. Be3 Ng4 8. Bg5
f6 9. Bh4 g5 10. Bg3 Nh6 11. d5 Nd7 12. Nd2 f5 13. exf5 Nf6 14. Nde4 Nxe4 15.
Nxe4 Bxf5 16. f3 Bg6 17. O-O Nf5 18. Bf2 Nd4 19. Bd3 Qe7 20. Ng3 Qf7 21. Qb1
Bxd3 22. Qxd3 c6 23. Qe4 Rac8 24. Rac1 Rc7 25. Rc3 Rfc8 26. Rfc1 Bf6 27. Qd3
cxd5 28. cxd5 Bd8 29. Ne4 Qg6 30. Rxc7 Rxc7 31. Rxc7 Bxc7 32. Qc4 Qg7 33. Qa4
Qf7 34. Nxg5 Qg6 35. h4 h6 36. Qd7 hxg5 37. Qc8+ Kg7 38. Qxc7+ Kh6 39. hxg5+
Qxg5 40. Qxd6+ Kh7 41. Qd7+ Kh6 42. Qh3+ Kg7 43. Bxd4 Qc1+ 44. Kh2 exd4 45.
Qg4+ 1-0

[Event "4NCL Division 2d"]
[Site "Telford, ENG"]
[Date "2017.04.29"]
[Round "9.55"]
[White "Ali, Golam S"]
[Black "O'driscoll, Kieran"]
[Result "0-1"]
[WhiteElo "1967"]
[BlackElo "2102"]
[PlyCount "48"]
[EventDate "2017.04.29"]
[WhiteTeam "Warwickshire Select 2"]
[BlackTeam "White Rose 2"]

1. d4 d5 2. e4 e6 3. Nc3 Bb4 4. e5 c5 5. Nf3 Nc6 6. Bb5 Nge7 7. Bg5 Qa5 8. Bxe7
Kxe7 9. O-O Bxc3 10. Bxc6 Bxd4 11. c3 Bxc3 12. bxc3 bxc6 13. Qd2 h6 14. Qf4 Ba6
15. Rfc1 Rab8 16. g4 Be2 17. Nh4 Rb2 18. Rab1 Qxa2 19. Rxb2 Qxb2 20. g5 hxg5
21. Qxg5+ Ke8 22. Ng6 fxg6 23. Qxg6+ Kf8 24. Rb1 Rh6 0-1

[Event "4NCL Division 2d"]
[Site "Telford, ENG"]
[Date "2017.04.29"]
[Round "9.56"]
[White "Lopez Cadenas, Nestor"]
[Black "Cooper, David M"]
[Result "1/2-1/2"]
[WhiteElo "1906"]
[BlackElo "2035"]
[PlyCount "36"]
[EventDate "2017.04.29"]
[WhiteTeam "White Rose 2"]
[BlackTeam "Warwickshire Select 2"]

1. Nf3 d5 2. c4 c6 3. b3 Nf6 4. Bb2 Bf5 5. g3 e6 6. Bg2 Nbd7 7. O-O Be7 8. d3
h6 9. Nbd2 O-O 10. Re1 Bh7 11. Qc2 a5 12. Qc3 Bb4 13. Qc1 Qe7 14. a3 Bd6 15. e4
dxe4 16. Nxe4 Nxe4 17. dxe4 e5 18. Qc3 Rfe8 1/2-1/2

[Event "4NCL Division 2d"]
[Site "Telford, ENG"]
[Date "2017.04.29"]
[Round "9.58"]
[White "Tangirala, Aditya"]
[Black "Kearney, James"]
[Result "1/2-1/2"]
[WhiteElo "1434"]
[BlackElo "1703"]
[PlyCount "86"]
[EventDate "2017.04.29"]
[WhiteTeam "White Rose 2"]
[BlackTeam "Warwickshire Select 2"]

1. e4 e5 2. Nf3 Nc6 3. Bb5 a6 4. Ba4 Nf6 5. O-O Be7 6. Re1 b5 7. Bb3 d6 8. c3
O-O 9. h3 Na5 10. Bc2 c5 11. d4 Qc7 12. d5 Nc4 13. Nbd2 Nxd2 14. Bxd2 Bd7 15.
Nh2 Rfc8 16. f4 Bf8 17. f5 h6 18. Ng4 Qd8 19. Qf3 Nxg4 20. hxg4 Be7 21. Rf1 Bg5
22. Rad1 a5 23. a4 bxa4 24. Bxg5 Qxg5 25. Ra1 Rcb8 26. Rfb1 Qd2 27. Qf2 Qxf2+
28. Kxf2 Bb5 29. Ke3 Kf8 30. Bxa4 c4 31. Kd2 Ke7 32. Ke3 Kd7 33. b3 Bxa4 34.
bxa4 Kc7 35. Kd2 Rxb1 36. Rxb1 Rb8 37. Rxb8 Kxb8 38. Ke3 Kc8 39. Kf3 Kd7 40.
Kg3 Ke7 41. Kh4 g6 42. fxg6 fxg6 43. g5 h5 1/2-1/2

[Event "4NCL Division 2d"]
[Site "Telford, ENG"]
[Date "2017.04.29"]
[Round "9.62"]
[White "Bak, Christopher"]
[Black "Klingher, Dominic"]
[Result "0-1"]
[WhiteElo "2025"]
[BlackElo "2116"]
[PlyCount "58"]
[EventDate "2017.04.29"]
[WhiteTeam "Bradford DCA Knights A"]
[BlackTeam "Barbican 4NCL Youth"]

1. e4 e6 2. d4 d5 3. Nc3 Nf6 4. e5 Nfd7 5. f4 c5 6. Nf3 Nc6 7. Be3 a6 8. Qd2
Be7 9. dxc5 Bxc5 10. Nd4 O-O 11. O-O-O Qc7 12. Qf2 b5 13. Nxc6 Qxc6 14. Bd3 Qb6
15. Bxc5 Nxc5 16. Qh4 f5 17. Kb1 b4 18. Ne2 a5 19. Qf2 a4 20. Nd4 Bd7 21. g4
fxg4 22. Rhg1 Qc7 23. Rxg4 a3 24. Qh4 Nxd3 25. Rxd3 Qxe5 26. Rd1 Qe3 27. Qg5
Rf7 28. Rh4 axb2 29. Rd3 Qc1# 0-1